| 000 | 00393nam a22001697a 4500 | ||
|---|---|---|---|
| 003 | CEME | ||
| 005 | 20210628203043.0 | ||
| 008 | 210201b xxu||||| |||| 00| 0 eng d | ||
| 020 | _a0000000345439 | ||
| 040 | _c. | ||
| 082 | _a891.4394 JAV | ||
| 100 |
_aJaved Chudhary _963044 |
||
| 245 | _aZero point-4 | ||
| 260 |
_aLAHORE _bILAM-O-PUBLISHERS _c2007 |
||
| 300 | _a416P | ||
| 942 |
_cBK _2ddc |
||
| 999 |
_c571988 _d571988 |
||